000 00562nam a2200229Ia 4500
003 OSt
005 20221005115051.0
006 a|||||r|||| 00| 0
007 ta
008 221004b |||||||| |||| 00| 0 eng d
024 _a65650
037 _cTextual
040 _aCRL
_cCRL
_beng
041 _2eng
_aeng
082 _aV5:1:D8, G5
100 _aMoss H St L B
_9627063
245 0 _aBirth of the middle ages 395-814
260 _c1935
650 _aHISTORY
942 _hV5:1:D8, G5
_cTEXL
_2cc
999 _c1033323
_d1033323